Rywale Kamila Stocha, z którymi stawał na podium Pucharu Świata - Statystyki

Ogólne statystyki
  • Ten quiz został rozwiązany 263 razy
  • Średni wynik to 23 z 42
Statystyki odpowiedzi
Skoczek Narodowość Liczba podiów % Poprawnych
Piotr Żyła Polska 5
98%
Dawid Kubacki Polska 7
96%
Domen Prevc Słowenia 2
94%
Peter Prevc Słowenia 4
94%
Stefan Kraft Austria 20
93%
Junshiro Kobayashi Japonia 1
91%
Ryoyu Kobayashi Japonia 7
91%
Adam Małysz Polska 1
79%
Noriaki Kasai Japonia 3
78%
Andreas Wellinger Niemcy 10
76%
Maciej Kot Polska 1
71%
Roman Koudelka Czechy 2
71%
Simon Ammann Szwajcaria 4
70%
Severin Freund Niemcy 10
66%
Gregor Schlierenzauer Austria 4
63%
Halvor Egner Granerud Norwegia 5
62%
Daniel-André Tande Norwegia 6
61%
Karl Geiger Niemcy 5
61%
Johann André Forfang Norwegia 2
60%
Richard Freitag Niemcy 8
59%
Daiki Ito Japonia 5
58%
Jan Ziobro Polska 2
56%
Anže Lanišek Słowenia 3
55%
Thomas Morgenstern Austria 2
54%
Timi Zajc Słowenia 1
53%
Anders Bardal Norwegia 9
52%
Robert Johansson Norwegia 4
52%
Markus Eisenbichler Niemcy 2
50%
Evgeniy Klimov Rosja 1
46%
Marius Lindvik Norwegia 3
44%
Andreas Kofler Austria 5
40%
Robert Kranjec Słowenia 1
38%
Michael Hayböck Austria 4
31%
Anders Fannemel Norwegia 4
28%
Jernej Damjan Słowenia 1
27%
Anders Jacobsen Norwegia 1
25%
Stephan Leyhe Niemcy 1
22%
Anssi Koivuranta Finlandia 1
19%
Tom Hilde Norwegia 1
18%
Žiga Jelar Słowenia 1
17%
Bor Pavlovčič Słowenia 1
11%
Michael Uhrmann Niemcy 1
10%
Nie znaleziono quizów pasujących do podanych kryteriów
Rozkład punktacji
Procent ludzi z każdym wynikiem
Percentyl według liczby udzielonych odpowiedzi
Twoja historia wyników
Nie rozwiązałeś tego quizu